=LDR 00000nam 2200000 4500 =001 INLIS00000000000087 =005 20260702043538 =020 ##$$a 978-623-91588-2-8 =082 ##$$a 026.419 =100 1#$$a Ramdani, Rina M =245 1 $$a Rezeki Melimpah Dari Bertanam Jambu Air Madu Di Pekarangan /$c Rina M Ramdani =300 ##$$a viii+110 ; 14 x 21